Can You Name the Top 20 Most Populated Countries in the World? - Statistics

General Stats
  • This quiz has been taken 44 times
  • The average score is 18 of 20
Answer Stats
Rank Population Continent Country % Correct
2 1,425,671,352 Asia China
100%
9 144,444,359 Europe Russia
100%
3 339,996,564 The Americas United States
100%
1 1,428,627,663 Asia India
96%
7 216,422,446 The Americas Brazil
92%
14 112,716,599 Africa Egypt
92%
8 172,954,319 Asia Bangladesh
88%
4 277,534,123 Asia Indonesia
88%
10 128,455,567 The Americas Mexico
88%
6 223,804,632 Africa Nigeria
88%
5 240,485,658 Asia Pakistan
88%
20 71,801,279 Asia Thailand
88%
16 98,858,950 Asia Vietnam
88%
15 102,262,809 Africa Democratic Republic of the Congo
85%
17 89,172,767 Asia Iran
85%
12 123,294,513 Asia Japan
85%
19 83,294,633 Europe Germany
81%
13 117,337,368 Asia Philippines
81%
18 85,816,199 Asia Turkey
81%
11 126,527,060 Africa Ethiopia
77%
No matching quizzes found
Score Distribution
Percent of People with Each Score
Percentile by Number Answered
Your Score History
You have not taken this quiz